| 000 | 00361 a2200157 4500 | ||
|---|---|---|---|
| 001 | 194651 | ||
| 020 | _a978-85-245-1289-8 | ||
| 040 | _cMagnum | ||
| 100 | _aCapparelli, Sérgio | ||
| 240 | 1 | 0 |
_a111 poemas para crianças _lpor |
| 245 | 1 | 0 | _a111 poemas para crianças |
| 300 | _a136 | ||
| 362 | 0 | _a2018 | |
| 697 | _aLITERATURA INFANTO-JUVENIL | ||
| 942 | _cBK | ||
| 999 |
_c194651 _d194651 |
||